| 000 | 00443nam a2200193Ia 4500 | ||
|---|---|---|---|
| 005 | 20240823040937.0 | ||
| 008 | 240823s9999||||xx |||||||||||||| ||und|| | ||
| 020 | _a81-7229-000-4 | ||
| 041 | _aENGLISH | ||
| 082 | _A923.254 Q1 | ||
| 100 | _aKrishna Kripalani | ||
| 245 | 0 | _aAll Men Are Brothers | |
| 250 | _a1st | ||
| 260 |
_c2011 _bNavajivan Publishing |
||
| 500 | _aYES | ||
| 650 |
_aGEN _bGeneral |
||
| 942 | _cBK | ||
| 999 |
_c204319 _d204319 |
||